Mondes de Super Mario Bros Wonder - Statistiques

Statistiques générales
  • Ce quiz a été pris 5 fois
  • Le résultat moyen est 6 sur 8
Statistiques - réponses
Mondes de Super Mario Bros Wonder % Correct
Chutes dorées
100%
Mines fongiques
100%
Iles florales
80%
Volcan végétal
80%
Monde spécial
60%
Mont nébuleux
60%
Plaine des tuyaux
60%
Désert cuisant
40%
Aucun quiz correspondant
Distribution des résultats
% des personnes avec chaque résultat
Percentile par nombre de réponses
Votre historique - résultats
Vous n’avez pas pris ce quiz